| 000 | 00573nam a2200169Ia 4500 | ||
|---|---|---|---|
| 005 | 20250714155851.0 | ||
| 008 | 250714s9999 xx 000 0 und d | ||
| 020 | _a9780415253161 | ||
| 082 |
_a935.001 _bMAT |
||
| 100 | _aMatthews, Roger | ||
| 245 | 4 | _aThe Archaeology of Mesopotamia | |
| 260 |
_bPsychology Press _c2003 |
||
| 300 | _a265 pages | ||
| 500 | _aThis innovative volume evaluates the theories, methods, approaches and history of Mesopotamian archaeology from its origins in the 19th century up the to present day. | ||
| 650 | _aHistory | ||
| 942 | _cENGLISH | ||
| 999 |
_c575772 _d575772 |
||